000 00813nam a2200217 a 4500
001 52501
003 BD-RjUL
005 20211209075822.0
008 160921s1984 bg ||||| |||| 00| 0 ben d
035 _a(BD-RjUL)52621
040 _aBD-RjUL
_bben
_cBD-RjUL
_dBD-RjUL
041 _aben
082 _223
_a333.76
_bDAV 1984
100 _aদাশগুপ্ত, বিপ্লব
_9157011
245 1 0 _aভূমি সংস্কার ও গ্রামোন্নয়ন /
_cবিপ্লব দাশগুপ্ত
260 _aঢাকা :
_bগণউন্নয়ন গ্রন্থাগার,
_c১৯৮৪.
300 _aবিভিন্ন পৃ. ;
_c১৮ সেমি.
650 _aগ্রাম্য ভূমি
_9157012
650 _aRural Land
_9147000
942 _2ddc
_cBK
999 _c52501
_d52501